000
00267nam a2200109Ia 4500
008
200302s9999 xx 000 0 und d
100
_a
Richard Pratt
245
_a
Landscaping and Outdoor Living
260
_b
M. Evans and Co. Inc.
260
_c
1963
300
_a
225 P.,
999
_c
2252
_d
2252